000 00255nam a2200097Ia 4500
005 20251222114402.0
008 251222s1900||||xx |||||||||||||| ||spa||
082 _aDVD0120/P78/2005
245 0 _aLes Choristes en Concert:Los coristas en concierto
942 _cDVD
999 _c1664
_d1664